000 04548nab a2200385 i 4500
003 BR-BrBNA
005 20241113144257.0
008 241113b2016 bl.mr|pooa||| 00| 0 eng |
040 _aBR-BrBNA
_beng
072 _aL73
_b5120
100 _aSilva, Josileide Araújo da
100 _aDomiciano, Tarcísio Oliveira
100 _aMontão, Daniele Pina
100 _aSousa, Paulo Geovani Silva
100 _aRamos, Leandro Lopes
100 _aParedes, Laura Jamille Argolo
100 _aMonteiro, Silvia Gonzalez
100 _aRivero, Gabriela Riet Correa
100 _aScofieldI, Alessandra
100 _aBezerra Júnior, Pedro
100 _aBezerra, Isis Abel
100 _aCerqueira, Valíria Duarte
245 _aReemerging of natural infection by Trypanosoma evansi in horses in Arari, Marajó Island, Brazil
500 _aPublicação on-line; 18 ref.; 2 illus; Sumaries (En, Pt)
520 _a ABSTRACT - Two outbreaks of trypanosomiasis by Trypanosoma evansi in horses in the municipality of Chaves, Marajó Island, Pará State, Brazil are reported. The first outbreak occurred in April 2011 in a farm with 147 horses; of these, 47 (31.97%) got sick, and 40 (27.21%) died. The second outbreak occurred in May 2012 and involved nine properties. Of a total of 679 horses, 209 (30.07%) got sick, and 183 (26.97%) died. The main clinical signs observed in these horses were weight loss, abdominal edema, toe dragging, and pelvic muscle atrophy. Necropsy was performed in two horses, one from each outbreak. Macroscopic alterations were not seen in the horse from the first outbreak; however, the horse from the second outbreak exhibited emaciation, pallor and icterus, as well as enlarged spleen with prominent white pulp at cut surface. Histopathology of the central nervous system of both animals revealed mild to severe, diffuse lymphoplasmacytic encephalitis, with presence of Mott cells. Immunohistochemistry for T. evansi revealed structures similar to intralesional trypomastigote forms. Between November and December of 2013, an epidemiological survey was carried out in the municipalities of Cachoeira do Arari, Santa Cruz do Arari, Salvaterra, Soure, and Chaves. Only Santa Cruz do Arari and Chaves had reported cases of the disease. Blood samples were collected from 243 horses for detection of T. evansi DNA by polymerase chain reaction (PCR) and 20 were positive. Key words: equids, trypanosomiasis, Pará, Marajó Island.
520 _a RESUMO - São relatados dois surtos de tripanossomíase por Trypanosoma evansi, em cavalos no município de Chaves, Ilha do Marajó, Pará, Brasil. O primeiro surto ocorreu em abril de 2011 em uma fazenda com 147 cavalos, em que 47 (31,97%) adoeceram e 40 (27,21%) morreram. O segundo ocorreu em maio de 2012 e envolveu nove propriedades. De um total de 679 cavalos, 209 (30,07%) adoeceram e 183 (26,97%) morreram. Os principais sinais clínicos observados foram perda de peso, edema abdominal, emboletamento dos membros e atrofia da musculatura da região pélvica e membros posteriores. A necropsia foi realizada em dois cavalos, um de cada surto. O equino do primeiro surto não apresentou lesões macroscópicas, enquanto o segundo, do segundo surto, apresentava emagrecimento, palidez e icterícia, aumento do baço com protrusão da polpa branca ao corte. O sistema nervoso central de ambos os animais revelou uma leve à severa encefalite linfoplasmocitária, difusa, com presença de células de Mott. A imunohistoquímica para T. evansi revelou estruturas similares a formas tripomastigotas nas lesões. Entre novembro e dezembro de 2013, um levantamento epidemiológico foi realizado nos municípios de Cachoeira do Arari, Santa Cruz do Arari, Salvaterra, Soure e Chaves. Somente Santa Cruz do Arari e Chaves relataram casos da doença. Foram coletadas amostras de sangue de 243 equinos e realizada a reação em cadeia de polimerase (PCR) para a detecção do DNA de T. evansi das quais 20 foram positivas. Palavras-chave: equídeos, tripanossomíase, Pará, Ilha de Marajó
650 _aCAVALO
650 _aDOENÇA ANIMAL
650 _aTRIPANOSSOMIASE
650 _aPARÁ
773 0 _02408
_9314934
_dSanta Maria-RS Universidade Federal de Santa Maria - Centro de Ciências Rurais 1991
_o2024-1185
_tCiência Rural (Brazil)
_x0103-8478
_gv. 46(12) p. 2170-2176; (2016)
_wBR2024003403
856 _uhttps://www.scielo.br/j/cr/a/J9bt9zK98qZQw8wVqqkNjPq/?format=pdf&lang=en
942 _cANA
999 _c328621
_d328621